| 000 | 00363nam a22001577a 4500 | ||
|---|---|---|---|
| 003 | SGT | ||
| 020 | _a978-81-219-2987-5 | ||
| 082 |
_a621.822 _bMAJ |
||
| 100 | _aMAJUMDAR,B.C | ||
| 245 | _aINTRODUCTION TO TRIBOLOGY OF BEARINGS. | ||
| 250 | _a2ND | ||
| 260 |
_aNEW DELHI _bS.CHAND _c2016 |
||
| 300 | _a288 | ||
| 650 | _aMECHANICAL ENGINEERING. | ||
| 942 |
_2ddc _cBK |
||
| 999 |
_c14077 _d14077 |
||